Počiatky rodu siahajú až do roku 1059 Košičan Péter Mariássy zostavil a vydal knižne rodokmeň svojho slávneho rodu

Bibliographic Details
Main Author: Balassa, Zoltán, 1949- (Author)
Format: Article
Language:Slovak
PhysicalDescription:Obr.
ISSN:1336-5320
Subjects:
Online Access:www.korzar.sk

MARC

LEADER 00000nab a2200000 a 4500
001 vtls008985651
003 SK-MaSNL
005 20260305030623.0
008 171110 2007 xo r r 000 0 slo
038 |a KEVKJB 
040 |a KEVKJB  |b slo  |c KEVKJB  |e AACR2 
041 0 |a slo 
044 |a xo  |c SK 
080 |a 929.5  |2 2001 
100 1 |a Balassa, Zoltán,  |d 1949-  |4 aut  |9 502859 
245 1 0 |a Počiatky rodu siahajú až do roku 1059  |b Košičan Péter Mariássy zostavil a vydal knižne rodokmeň svojho slávneho rodu  |c Zoltán Balassa 
300 |b Obr. 
600 1 7 |a Máriássy, Peter,  |d 1949-  |t X storočí rodu Máriássy  |2 kevkjb  |9 84020 
600 3 7 |a Máriássy (rod)  |2 kevkjb  |9 84021 
650 0 7 |a osobnosti  |2 snkbucl  |9 29820 
650 0 7 |a genealógia  |2 kevkjb  |9 4978 
650 0 7 |a šľachtické rody  |2 kevkjb  |9 31798 
651 7 |a Košice (Slovensko)  |2 kevkjb  |9 18694 
773 0 |t Košický večer  |g Roč. 18(39), č. 17 (27.4.2007), s. 21  |x 1336-5320 
852 |a KEVKJB  |b KIS3GCP 
856 4 1 |u www.korzar.sk 
958 |a BX 
999 |c 3312321  |d 3314251